|
|
|
|
| LEADER |
00000nas a22000007a 4500 |
| 001 |
ssj0012510 |
| 003 |
WaSeSS |
| 005 |
20200512172242.0 |
| 006 |
m d |
| 007 |
cr n |
| 008 |
000412c19809999oncmr pss f0 a0eng d |
| 010 |
|
|
|a cn 99470065
|z sn 96027542
|
| 016 |
7 |
|
|a 9879407
|2 DNLM
|
| 016 |
7 |
|
|a C04110000
|2 DNLM
|
| 022 |
|
|
|a 1205-7533
|l 0706-652X
|y 0706-652X
|
| 030 |
|
|
|a CJFSDX
|
| 035 |
|
|
|a (WaSeSS)ssj0012510
|
| 040 |
|
|
|a CaOONLI
|b eng
|c NLC
|d OCLCQ
|d MUQ
|d FUG
|d OCLCS
|d EEM
|d OCLCQ
|d OCLCF
|d N15
|d OCLCO
|d RB#
|d EUM
|d LGG
|d NTE
|d OCLCQ
|d DLC
|d OCLCQ
|d BUF
|d OCLCQ
|d UMC
|d OCLCQ
|d VT2
|d WaSeSS
|
| 041 |
0 |
|
|a eng
|b fre
|
| 042 |
|
|
|a nlc
|a isds/c
|
| 043 |
|
|
|a n-cn---
|
| 050 |
1 |
4 |
|a SH1
|
| 082 |
1 |
4 |
|a 597
|2 13
|
| 130 |
0 |
|
|a Canadian journal of fisheries and aquatic sciences (Online)
|
| 210 |
0 |
|
|a Can. j. fish aquat. sci.
|b (Online)
|
| 222 |
|
0 |
|a Canadian journal of fisheries and aquatic sciences
|b (Online)
|
| 245 |
1 |
0 |
|a Canadian journal of fisheries and aquatic sciences
|h [electronic resource] =
|b Journal canadien des sciences halieutiques et aquatiques.
|
| 260 |
|
|
|a [Ottawa] :
|b [NRC Research Press, National Research Council of Canada],
|c [1980]-
|
| 260 |
3 |
|
|3 <2010->
|a Ottawa, ON :
|b Canadian Science Publishing
|
| 310 |
|
|
|a Monthly
|
| 362 |
1 |
|
|a Began with v. 37 (Jan. 1980).
|
| 500 |
|
|
|a Title from title screen.
|
| 506 |
|
|
|a License restrictions may limit access.
|
| 546 |
|
|
|a Prefatory material in English and French.
|
| 550 |
|
|
|a Imprint varies: 1980-1992, Fisheries and Oceans; Volumes for 2011- issued by NRC Research Press.
|
| 588 |
|
|
|a Latest issue consulted: Vol. 75, no. 8 (August 2018) (publisher's Web site, viewed August 23, 2018).
|
| 650 |
|
0 |
|a Fisheries
|z Canada
|v Periodicals.
|
| 650 |
|
0 |
|a Aquatic sciences
|z Canada
|v Periodicals.
|
| 650 |
|
0 |
|a Fishes
|z Canada
|v Periodicals.
|
| 650 |
|
6 |
|a Pêches
|z Canada
|v Périodiques.
|
| 650 |
|
6 |
|a Sciences aquatiques
|z Canada
|v Périodiques.
|
| 650 |
|
6 |
|a Poissons
|z Canada
|v Périodiques.
|
| 650 |
|
7 |
|a Aquatic sciences.
|2 fast
|0 (OCoLC)fst00812097
|
| 650 |
|
7 |
|a Fisheries.
|2 fast
|0 (OCoLC)fst00926051
|
| 650 |
|
7 |
|a Fishes.
|2 fast
|0 (OCoLC)fst00926361
|
| 650 |
|
7 |
|a Aquatische ecologie.
|2 gtt
|
| 650 |
|
7 |
|a Hydrobiologie.
|2 gtt
|
| 650 |
|
7 |
|a Visserij.
|2 gtt
|
| 651 |
|
7 |
|a Canada.
|2 fast
|0 (OCoLC)fst01204310
|
| 655 |
|
0 |
|a Electronic journals.
|
| 710 |
2 |
|
|a National Research Council Canada.
|
| 710 |
2 |
|
|a NRC Research Press.
|
| 776 |
0 |
8 |
|i Print version:
|t Canadian journal of fisheries and aquatic sciences
|x 0706-652X
|w (DLC) 80646991
|w (OCoLC)5974034
|
| 856 |
4 |
0 |
|z Full text available from Research Library: 04/01/1998 to 06/30/2007
|u https://search.proquest.com/publication/34926
|
| 886 |
2 |
|
|2 canmarc
|a 910
|b 1-
|a Canada.
|b National Research Council
|
| 886 |
2 |
|
|2 canmarc
|a 910
|b 1-
|a Canada.
|b National Research Council Canada
|
| 886 |
2 |
|
|2 canmarc
|a 910
|b 2-
|a Canadian National Research Council, Canada
|
| 886 |
2 |
|
|2 canmarc
|a 910
|b 2-
|a Conseil national de recherches Canada
|
| 886 |
2 |
|
|2 canmarc
|a 910
|b 2-
|a National Research Council
|
| 886 |
2 |
|
|2 canmarc
|a 910
|b 2-
|a NRC
|
| 886 |
2 |
|
|2 canmarc
|a 990
|b 10
|a 91001ab
|b 71001a
|
| 886 |
2 |
|
|2 canmarc
|a 990
|b 10
|a 91002ab
|b 71001a
|
| 886 |
2 |
|
|2 canmarc
|a 990
|b 10
|a 91003a
|b 71001a
|
| 886 |
2 |
|
|2 canmarc
|a 990
|b 01
|a 91004a
|b 71001a
|
| 886 |
2 |
|
|2 canmarc
|a 990
|b 10
|a 91005a
|b 71001a
|
| 886 |
2 |
|
|2 canmarc
|a 990
|b 10
|a 91006a
|b 71001a
|